| 000 | 00764nam a22002177a 4500 | ||
|---|---|---|---|
| 005 | 2010080609559.0 | ||
| 010 | _aENG-98614 | ||
| 020 |
_a8190822985 _c125.00 |
||
| 020 |
_a9788190822985 _c125.00 |
||
| 035 | _aEN-82147 | ||
| 037 | _bDBAD/PUB | ||
| 082 | _a005.13 | ||
| 100 |
_aThamilselvi, S. _98557 |
||
| 245 |
_aProgramming in C + + / _cby S. Thamilselvi |
||
| 260 |
_aCoimbatore _bIRIS Publications _c2009 |
||
| 270 |
_a23 AKG Nagar 3rd Street Uppilipalayam Post _bCoimbatore _e641015 |
||
| 300 |
_avii, 132p.: _bill. _c24cm (pbk) |
||
| 500 | _aIncludes index | ||
| 942 |
_2ddc _cEN _h005.13 _mTHA |
||
| 999 |
_c39830 _d39830 |
||